Finančný trh, jeho regulácia a dohľad vývoj a trendy v EÚ

Vytváranie jednotného európskeho trhu (od roku 1985, Biela kniha). Vytvorenie jednotného finančného trhu (Akčný plán, 1999). Tri strategické ciele, ktoré sa majú dosiahnuť vznikom jednotného trhu: jednotný trh finančných služieb, otvorené a bezpečné retailové trhy, obozretné pravidlá a dohľad. Regul...

Descripción completa

Guardado en:
Detalles Bibliográficos
Autor principal: Makúch, Jozef, 1953-
Formato: Capítulo de libro
Lenguaje:eslovaco
Materias:
Etiquetas: Agregar Etiqueta
Sin Etiquetas, Sea el primero en etiquetar este registro!

MARC

LEADER 00000naa a2200000 4500
001 r048110
005 20220729105858.1
041 0 |a slo 
044 |a SK 
245 1 0 |a Finančný trh, jeho regulácia a dohľad  |b vývoj a trendy v EÚ  |c Jozef Makúch 
520 |a Vytváranie jednotného európskeho trhu (od roku 1985, Biela kniha). Vytvorenie jednotného finančného trhu (Akčný plán, 1999). Tri strategické ciele, ktoré sa majú dosiahnuť vznikom jednotného trhu: jednotný trh finančných služieb, otvorené a bezpečné retailové trhy, obozretné pravidlá a dohľad. Regulácia finančného trhu: obsahové a inštitucionálne zabezpečenie regulácie a dohľadu. 
610 2 0 |a trh finančný 
610 2 0 |a regulácia 
610 2 0 |a dozor 
610 2 0 |a Európska únia 
610 2 0 |a služby finančné 
100 1 |a Makúch, Jozef, 1953-